书目信息 |
| 题名: |
世界四大怪
|
|
| 作者: | 黄万波 编著 | |
| 分册: | ||
| 出版信息: | 天津 天津科学技术出版社 1981 |
|
| 页数: | 183页 | |
| 开本: | 21cm | |
| 丛书名: | ||
| 单 册: | ||
| 中图分类: | N51 | |
| 科图分类: | ||
| 主题词: | 自然科学--普及读物 , 自然科学--丛书 , 自然科学--多卷书 | |
| 电子资源: | ||
| ISBN: | ||
| 000 | 00717nam0 2200265 45 | |
| 001 | 0181009558 | |
| 005 | 20040519085718.1 | |
| 010 | @dCNY0.61 | |
| 091 | @a13212.29 | |
| 100 | @a19950605d1981 em y0chiy0121 ea | |
| 101 | 0 | @achi |
| 102 | @aCN@b120000 | |
| 105 | @af z 000yy | |
| 106 | @ar | |
| 200 | 10 | @a世界四大怪@Ashi jie si da guai@f黄万波等编著@FHuang Wan Bo Deng Bian Zhu |
| 210 | @a天津@c天津科学技术出版社@d1981 | |
| 215 | @a183页@c照片@d21cm | |
| 606 | @a自然科学@x普及读物 | |
| 606 | 0 | @a自然科学@x丛书 |
| 606 | 0 | @a自然科学@x多卷书 |
| 690 | @aN51 | |
| 701 | 0 | @a黄万波@Ahuang wan bo@4编著 |
| 801 | 0 | @aCN@b上海图书馆@c20040519 |
| 801 | 2 | @aCN@bNLC@c20040519 |
| 905 | @f1@b82659@dN51@e105 | |
| 世界四大怪/黄万波等编著.-天津:天津科学技术出版社,1981 |
| 183页:照片;21cm |
| ISBN :CNY0.61 |
| ● |
| 相关链接 |
|
|
|
|
正题名:世界四大怪
索取号:N51/105
 
预约/预借
| 序号 | 登录号 | 条形码 | 馆藏地/架位号 | 状态 | 备注 |
| 1 | 0082659 | 001202022 | 第二样本阅览室/ [索取号:N51/105] | 在馆 |